=LDR 00000nam 2200000 4500 =001 INLIS000000000005990 =005 20130612094152 =008 ***********************************Ind** =035 ##$$0010-061300000005990 =041 ##$$a Ind =082 ##$$a 294.54 =090 ##$$a 294.54, Sug d =100 ##$$a Sugriwa, J.G.B =245 ##$$a Dwi Jendra Tatwa, J.G.B. Sugriwa =260 ##$$a 1991 $b Denpasar =300 ##$$a 67 hlm., 21 cm =650 ##$$a Hinduisme-Pendeta =850 ##$$a NBPNMAT